000 00680nam a22002177a 4500
003 BUBTL
008 230105b ||||| |||| 00| 0 eng d
020 _a9789390727513
082 _a301/ Sch131s/ 2019
100 _93021
_aSchaefer, Richard T.
245 _aSociology:
_ba brief introduction /
_cRichard T. Schaefer
250 _a13th Edn
260 _aIndia:
_bMcGraw Hill Education(India) Private Limited,
_cc2019
300 _axxiv, 470 p.:
_bills.;
_c28 cm.
500 _aIncludes Index
505 _aSociology, Richard T. Schaefer, Economics
650 0 _92986
_aSociology
856 _k0
_l0
_yDownload
942 _2ddc
_cBK
999 _c6900
_d6900